000 00293nam a22001337a 4500
008 170526b xxu||||| |||| 00| 0 eng d
020 _a9780780334557
041 _aeng
080 _a621.3
100 _a25
101 _aIM
245 _aUNDERSTANDING FACTS
_cHINGORANI,N.G
942 _2udc
_cBK
999 _c14393
_d14393